<?xml version="1.0" encoding="UTF-8"?>
<record
    xmlns:xsi="http://www.w3.org/2001/XMLSchema-instance"
    xsi:schemaLocation="http://www.loc.gov/MARC21/slim http://www.loc.gov/standards/marcxml/schema/MARC21slim.xsd"
    xmlns="http://www.loc.gov/MARC21/slim">

  <leader>00560nam a22001217a 4500</leader>
  <datafield tag="040" ind1=" " ind2=" ">
    <subfield code="c">RUA</subfield>
  </datafield>
  <datafield tag="082" ind1=" " ind2=" ">
    <subfield code="a">VEM CHH 2025 B705 Or.</subfield>
  </datafield>
  <datafield tag="100" ind1=" " ind2=" ">
    <subfield code="a">CHHOEUN SETHARA, &#x1788;&#x17BA;&#x1793; &#x179F;&#x17C1;&#x178A;&#x17D2;&#x178B;&#x179A;&#x17B6;</subfield>
  </datafield>
  <datafield tag="245" ind1=" " ind2=" ">
    <subfield code="a">Heamoparasites Of Cattle In Sotep Commune, Cherng Prey District, Kampong Cham Province, &#x1794;&#x179A;&#x17B6;&#x179F;&#x17B7;&#x178F;&#x1780;&#x17D2;&#x1793;&#x17BB;&#x1784;&#x1788;&#x17B6;&#x1798;&#x1782;&#x17C4;&#x1793;&#x17C5;&#x1783;&#x17BB;&#x17C6;&#x179F;&#x17BC;&#x1791;&#x17B7;&#x1796;&#x17D2;&#x179C; &#x179F;&#x17D2;&#x179A;&#x17BB;&#x1780;&#x1787;&#x17BE;&#x1784;&#x1796;&#x17D2;&#x179A;&#x17C3; &#x1781;&#x17C1;&#x178F;&#x17D2;&#x178F;&#x1780;&#x17C6;&#x1796;&#x1784;&#x17CB;&#x1785;&#x17B6;&#x1798;</subfield>
  </datafield>
  <datafield tag="260" ind1=" " ind2=" ">
    <subfield code="a">PHNOM PENH</subfield>
    <subfield code="b">RUA</subfield>
    <subfield code="c">2025</subfield>
  </datafield>
  <datafield tag="300" ind1=" " ind2=" ">
    <subfield code="a">viii, 43p.</subfield>
    <subfield code="b">ill.</subfield>
    <subfield code="c">29cm.</subfield>
  </datafield>
  <datafield tag="942" ind1=" " ind2=" ">
    <subfield code="c">&#x179F;&#x17B6;&#x179A;&#x178E;&#x17B6;&#x1794;&#x1791;</subfield>
  </datafield>
  <datafield tag="999" ind1=" " ind2=" ">
    <subfield code="c">25565</subfield>
    <subfield code="d">25565</subfield>
  </datafield>
  <datafield tag="952" ind1=" " ind2=" ">
    <subfield code="0">0</subfield>
    <subfield code="1">0</subfield>
    <subfield code="4">0</subfield>
    <subfield code="6">VEM_CHH_2025_000000000000000_B705_OR_1</subfield>
    <subfield code="7">0</subfield>
    <subfield code="9">105982</subfield>
    <subfield code="a">LBB</subfield>
    <subfield code="b">ML</subfield>
    <subfield code="c">B705</subfield>
    <subfield code="d">2026-03-12</subfield>
    <subfield code="l">2</subfield>
    <subfield code="o">VEM CHH 2025 B705 Or.1</subfield>
    <subfield code="p">C034486</subfield>
    <subfield code="q">2026-07-14</subfield>
    <subfield code="r">2026-06-26</subfield>
    <subfield code="s">2026-06-26</subfield>
    <subfield code="y">&#x179F;&#x17B6;&#x179A;&#x178E;&#x17B6;&#x1794;&#x1791;</subfield>
  </datafield>
  <datafield tag="952" ind1=" " ind2=" ">
    <subfield code="0">0</subfield>
    <subfield code="1">0</subfield>
    <subfield code="4">0</subfield>
    <subfield code="6">VEM_CHH_2025_000000000000000_B705_OR_2</subfield>
    <subfield code="7">0</subfield>
    <subfield code="9">105983</subfield>
    <subfield code="a">LBB</subfield>
    <subfield code="b">LBB</subfield>
    <subfield code="c">B705</subfield>
    <subfield code="d">2026-03-12</subfield>
    <subfield code="l">2</subfield>
    <subfield code="o">VEM CHH 2025 B705 Or.2</subfield>
    <subfield code="p">C034500</subfield>
    <subfield code="r">2026-06-30</subfield>
    <subfield code="s">2026-06-22</subfield>
    <subfield code="y">&#x179F;&#x17B6;&#x179A;&#x178E;&#x17B6;&#x1794;&#x1791;</subfield>
  </datafield>
</record>
